[Event "URS 60 years rap"]
[Site "Moscow"]
[Date "1982.12.??"]
[Round "?"]
[White "Dolmatov, Sergey"]
[Black "Kholmov, Ratmir"]
[Result "1-0"]
[WhiteElo "2590"]
[BlackElo "2495"]
[PlyCount "121"]
[EventDate "1982.12.07"]
[EventType "tourn (rapid)"]
[EventRounds "15"]
[EventCountry "URS"]
[SourceTitle "EXT 2006"]
[Source "ChessBase"]
[SourceDate "2005.11.24"]
[SourceVersion "1"]
[SourceVersionDate "2005.11.24"]
[SourceQuality "1"]

1. e4 e5 2. Nf3 Nc6 3. Bc4 Bc5 4. c3 Nf6 5. d3 d6 6. b4 Bb6 7. a4 a6 8. O-O h6
9. Na3 O-O 10. Bd2 Ne7 11. Ba2 c6 12. Qe2 Ng6 13. a5 Bc7 14. Nc4 Be6 15. Be3
Bxc4 16. Bxc4 d5 17. Bb3 Re8 18. g3 Qd7 19. Bc2 Qh3 20. Rfe1 Rad8 21. Qf1 Qg4
22. Qg2 dxe4 23. dxe4 Rd7 24. h3 Qe6 25. Nd2 Red8 26. Bb3 Qe8 27. Nc4 Nf8 28.
Rac1 Ne6 29. Nb6 Rd3 30. Na4 Qe7 31. Bxe6 Qxe6 32. Nc5 Qc4 33. Nxd3 Qxd3 34.
Red1 Qxd1+ 35. Rxd1 Rxd1+ 36. Kh2 Rd3 37. Qf3 Nd7 38. Qe2 Rd6 39. Kg2 Nf6 40.
Bc5 Rd7 41. c4 Bd6 42. Bxd6 Rxd6 43. b5 Nd7 44. bxa6 bxa6 45. c5 Nxc5 46. Qc4
Nb7 47. Qxa6 Nxa5 48. Qxa5 Re6 49. Qd8+ Kh7 50. Qf8 Kg6 51. Kf3 f6 52. Ke3 c5
53. f4 exf4+ 54. gxf4 Ra6 55. Qxc5 Ra1 56. Qf5+ Kf7 57. Qd7+ Kg6 58. Qe8+ Kh7
59. e5 fxe5 60. fxe5 Re1+ 61. Kf2 1-0

[Event "URS 60 years rap"]
[Site "Moscow"]
[Date "1982.12.??"]
[Round "?"]
[White "Dolmatov, Sergey"]
[Black "Polugaevsky, Lev"]
[Result "1-0"]
[WhiteElo "2590"]
[BlackElo "2610"]
[PlyCount "83"]
[EventDate "1982.12.07"]
[EventType "tourn (rapid)"]
[EventRounds "15"]
[EventCountry "URS"]
[SourceTitle "EXT 2006"]
[Source "ChessBase"]
[SourceDate "2005.11.24"]
[SourceVersion "1"]
[SourceVersionDate "2005.11.24"]
[SourceQuality "1"]

1. e4 c5 2. Nf3 d6 3. d4 cxd4 4. Nxd4 Nf6 5. Nc3 a6 6. f4 Qc7 7. Be2 g6 8. g4
Bg7 9. g5 Nfd7 10. Be3 Nc6 11. Qd2 Nb6 12. Nb3 Be6 13. O-O-O Rc8 14. Kb1 O-O
15. Nd5 Bxd5 16. exd5 Nb4 17. Bxb6 Qxc2+ 18. Qxc2 Rxc2 19. Nd4 Rcc8 20. Bf3 Rc4
21. a3 Rfc8 22. axb4 Rxb4 23. Ba5 Rxd4 24. Rxd4 Bxd4 25. Rc1 Re8 26. Rc4 Bc5
27. Bc3 b5 28. Re4 Kf8 29. Bg4 Rb8 30. b4 Bg1 31. h3 Rb7 32. Kb2 Rc7 33. Kb3
Bf2 34. Be2 Bg3 35. Bd3 Kg8 36. Bd2 Kg7 37. Re2 h6 38. Rg2 Bh4 39. Bc3+ Kh7 40.
f5 Bxg5 41. fxg6+ fxg6 42. h4 1-0

[Event "URS 60 years rap"]
[Site "Moscow"]
[Date "1982.12.??"]
[Round "?"]
[White "Psakhis, Lev"]
[Black "Dolmatov, Sergey"]
[Result "1-0"]
[WhiteElo "2615"]
[BlackElo "2590"]
[PlyCount "103"]
[EventDate "1982.12.07"]
[EventType "tourn (rapid)"]
[EventRounds "15"]
[EventCountry "URS"]
[SourceTitle "EXT 2006"]
[Source "ChessBase"]
[SourceDate "2005.11.24"]
[SourceVersion "1"]
[SourceVersionDate "2005.11.24"]
[SourceQuality "1"]

1. c4 f5 2. Nf3 Nf6 3. g3 g6 4. b3 Bg7 5. Bb2 d6 6. d4 O-O 7. Bg2 a6 8. Nc3 Nc6
9. d5 Na5 10. Nd2 c5 11. Qc2 Rb8 12. O-O b5 13. Rae1 bxc4 14. bxc4 e5 15. Nd1
Qc7 16. Bc3 Nb7 17. f4 e4 18. Ne3 Bd7 19. g4 fxg4 20. Nxe4 Rbe8 21. Bxf6 Bxf6
22. Nxf6+ Rxf6 23. Nd1 Ref8 24. e3 Qd8 25. Nf2 R6f7 26. Qb2 Bc8 27. h3 h5 28.
hxg4 hxg4 29. Ne4 Qh4 30. Qf2 Qh5 31. Ng5 Rf6 32. Qg3 Kg7 33. Ne4 R6f7 34. Rf2
Re7 35. Ng5 Nd8 36. Bh1 Rh8 37. Rh2 Qxh2+ 38. Qxh2 Rxh2 39. Kxh2 Nf7 40. Nxf7
Kxf7 41. e4 Kf6 42. Kg3 g5 43. f5 Rb7 44. Kxg4 Rb4 45. Rc1 a5 46. Bf3 Ba6 47.
Rh1 Bxc4 48. Rh6+ Kg7 49. Kxg5 Rb1 50. f6+ Kg8 51. Bh5 Rg1+ 52. Kf5 1-0

[Event "Tashkent"]
[Site "Tashkent"]
[Date "1983.01.??"]
[Round "?"]
[White "Dolmatov, Sergey"]
[Black "Dorfman, Josif"]
[Result "1-0"]
[WhiteElo "2550"]
[BlackElo "2540"]
[PlyCount "77"]
[EventDate "1983.01.??"]
[EventType "tourn"]
[EventRounds "15"]
[EventCountry "UZB"]
[SourceTitle "EXT 2010"]
[Source "ChessBase"]
[SourceDate "2009.11.30"]
[SourceVersion "1"]
[SourceVersionDate "2009.11.30"]
[SourceQuality "1"]

1. e4 c5 2. Nf3 d6 3. d4 cxd4 4. Nxd4 Nf6 5. Nc3 g6 6. Be3 Bg7 7. f3 Nc6 8. Qd2
O-O 9. g4 h5 10. h3 Nxd4 11. Bxd4 Qa5 12. O-O-O Be6 13. Kb1 Rfc8 14. a3 Rab8
15. Bxf6 exf6 16. Nd5 Qxd2 17. Rxd2 Bh6 18. Ne7+ Kg7 19. Nxc8 Bxd2 20. Nxd6 Bf4
21. Nb5 Rh8 22. Nd4 Bc8 23. Bg2 Be5 24. c3 Kh6 25. Kc2 Kg5 26. Kd3 Kh4 27. Ke3
f5 28. gxf5 gxf5 29. f4 Kg3 30. Ne2+ Kxg2 31. Rg1+ Kh2 32. fxe5 f4+ 33. Kxf4
Bxh3 34. Rg7 Be6 35. Nd4 h4 36. Nf3+ Kh3 37. Rg1 Rh5 38. Rh1+ Kg2 39. Rh2+ 1-0

[Event "Tashkent"]
[Site "Tashkent"]
[Date "1983.01.??"]
[Round "?"]
[White "Dolmatov, Sergey"]
[Black "Eingorn, Vereslav"]
[Result "1-0"]
[WhiteElo "2550"]
[BlackElo "2450"]
[PlyCount "113"]
[EventDate "1983.01.??"]
[EventType "tourn"]
[EventRounds "15"]
[EventCountry "UZB"]
[SourceTitle "EXT 2010"]
[Source "ChessBase"]
[SourceDate "2009.11.30"]
[SourceVersion "1"]
[SourceVersionDate "2009.11.30"]
[SourceQuality "1"]

1. e4 g6 2. d4 Bg7 3. c3 d6 4. Nf3 Nf6 5. Bd3 O-O 6. O-O Nc6 7. Re1 e5 8. h3
Bd7 9. Be3 exd4 10. cxd4 Nb4 11. Nc3 Nxd3 12. Qxd3 Re8 13. e5 Bf5 14. Qb5 dxe5
15. dxe5 Nd7 16. Nd4 Rxe5 17. Qxb7 Nc5 18. Qf3 Bd7 19. Red1 Qf8 20. Bf4 Ree8
21. Nd5 Re4 22. Bh6 f5 23. Bxg7 Qxg7 24. Nc3 Ree8 25. Qd5+ Ne6 26. Nxf5 gxf5
27. Qxd7 Rad8 28. Qxg7+ Kxg7 29. Rxd8 Rxd8 30. Rd1 Rxd1+ 31. Nxd1 Kf6 32. Kf1
Ke5 33. Ke2 Nf4+ 34. Kf3 Nd3 35. Ke3 Nf4 36. g3 Nd5+ 37. Ke2 f4 38. Kf3 fxg3
39. fxg3 Kd4 40. g4 h6 41. h4 Ne7 42. Ne3 Ke5 43. h5 c6 44. b4 Ke6 45. Ke4 Kf6
46. Kf4 Nc8 47. Nf5 Nb6 48. Nxh6 Nd5+ 49. Kg3 Nxb4 50. Kh4 Nd5 51. g5+ Kg7 52.
Nf5+ Kf7 53. g6+ Kf6 54. g7 Kf7 55. h6 Kg8 56. Kg5 Kh7 57. Nd6 1-0

[Event "Tashkent"]
[Site "Tashkent"]
[Date "1983.01.??"]
[Round "?"]
[White "Dolmatov, Sergey"]
[Black "Lerner, Konstantin"]
[Result "1-0"]
[WhiteElo "2550"]
[BlackElo "2525"]
[PlyCount "101"]
[EventDate "1983.01.??"]
[EventType "tourn"]
[EventRounds "15"]
[EventCountry "UZB"]
[SourceTitle "EXT 2010"]
[Source "ChessBase"]
[SourceDate "2009.11.30"]
[SourceVersion "1"]
[SourceVersionDate "2009.11.30"]
[SourceQuality "1"]

1. e4 c5 2. Nf3 d6 3. d4 cxd4 4. Nxd4 Nf6 5. Nc3 Nc6 6. Bg5 e6 7. Qd2 a6 8.
O-O-O h6 9. Be3 Be7 10. f4 Nxd4 11. Bxd4 b5 12. Bd3 Bb7 13. Kb1 Bc6 14. Qe1 O-O
15. Bxf6 Bxf6 16. e5 Be7 17. f5 b4 18. Ne2 exf5 19. Nd4 Qc7 20. Nxf5 dxe5 21.
Qg3 g6 22. Nxh6+ Kh8 23. Rhf1 Bd5 24. Qh3 Kg7 25. Nf5+ gxf5 26. Qg3+ Kh6 27.
Qh3+ Kg7 28. Bxf5 Bxa2+ 29. Kxa2 Qc4+ 30. Kb1 Qh4 31. Qe3 Rad8 32. Qxe5+ Bf6
33. Qc7 Rxd1+ 34. Rxd1 Qf2 35. Be6 Bxb2 36. Kxb2 Qf6+ 37. Kb1 Qxe6 38. Rd3 Rc8
39. Qf4 f6 40. Re3 Rc4 41. Qg3+ Qg4 42. Qd6 Rc3 43. Qe7+ Kg6 44. Qe8+ Kf5 45.
Qe6+ Kg5 46. Qxg4+ Kxg4 47. Rxc3 bxc3 48. Ka2 Kf4 49. Kb3 Ke3 50. Kxc3 f5 51.
h4 1-0

[Event "Tashkent"]
[Site "Tashkent"]
[Date "1983.01.??"]
[Round "?"]
[White "Dolmatov, Sergey"]
[Black "Loginov, Valery"]
[Result "1-0"]
[WhiteElo "2550"]
[BlackElo "2391"]
[PlyCount "79"]
[EventDate "1983.01.??"]
[EventType "tourn"]
[EventRounds "15"]
[EventCountry "UZB"]
[SourceTitle "EXT 2010"]
[Source "ChessBase"]
[SourceDate "2009.11.30"]
[SourceVersion "1"]
[SourceVersionDate "2009.11.30"]
[SourceQuality "1"]

1. e4 c5 2. Nf3 e6 3. d4 cxd4 4. Nxd4 a6 5. Bd3 Nf6 6. O-O d6 7. c4 Nbd7 8. Nc3
b6 9. a4 Bb7 10. a5 Be7 11. axb6 Qxb6 12. Nb3 Rb8 13. Be3 Qc7 14. f4 O-O 15.
Kh1 Rfe8 16. Ba7 Rbd8 17. Bg1 Rb8 18. Nd2 Nc5 19. Bc2 Bc6 20. Rb1 Qa5 21. e5
Nfd7 22. exd6 Bxd6 23. Nb3 Qc7 24. Nd4 Rb4 25. Nxc6 Qxc6 26. Qd4 e5 27. fxe5
Bxe5 28. Qh4 Nf8 29. Qf2 Nce6 30. Qxf7+ Kh8 31. Be4 Qc8 32. Bd5 Ng6 33. Rbe1
Nef4 34. Rxe5 Rxe5 35. Bd4 Nxd5 36. Bxe5 Nf6 37. Rxf6 Rb7 38. Qe6 Qd8 39. Rf1
Re7 40. Qd6 1-0

[Event "Frunze"]
[Site "Frunze"]
[Date "1983.??.??"]
[Round "?"]
[White "Dolmatov, Sergey"]
[Black "Dvoretzky, Mark"]
[Result "1/2-1/2"]
[WhiteElo "2550"]
[BlackElo "2480"]
[PlyCount "39"]
[EventDate "1983.05.??"]
[EventType "tourn"]
[EventRounds "15"]
[EventCountry "URS"]
[EventCategory "8"]
[SourceTitle "MCD"]
[Source "ChessBase"]
[SourceDate "1999.07.01"]
[SourceVersion "1"]
[SourceVersionDate "1999.07.01"]
[SourceQuality "1"]

1. e4 e5 2. Nf3 Nf6 3. Nxe5 d6 4. Nf3 Nxe4 5. Nc3 Nxc3 6. dxc3 Be7 7. Bf4 O-O
8. Qd2 Nd7 9. O-O-O Nc5 10. Nd4 Re8 11. f3 Ne6 12. Be3 Bg5 13. Nxe6 Bxe3 14.
Nxd8 Bxd2+ 15. Kxd2 Rxd8 16. Bd3 Bd7 17. Rhe1 Re8 18. Rxe8+ Rxe8 19. Re1 Rxe1
20. Kxe1 1/2-1/2

[Event "Frunze"]
[Site "Frunze"]
[Date "1983.??.??"]
[Round "?"]
[White "Dolmatov, Sergey"]
[Black "Rakic, Tomislav"]
[Result "1-0"]
[WhiteElo "2550"]
[BlackElo "2440"]
[PlyCount "65"]
[EventDate "1983.05.??"]
[EventType "tourn"]
[EventRounds "15"]
[EventCountry "URS"]
[EventCategory "8"]
[SourceTitle "MCD"]
[Source "ChessBase"]
[SourceDate "1999.07.01"]
[SourceVersion "1"]
[SourceVersionDate "1999.07.01"]
[SourceQuality "1"]

1. e4 e6 2. d4 d5 3. Nd2 b6 4. Ngf3 Nf6 5. e5 Nfd7 6. c3 Be7 7. Bd3 Ba6 8. Bxa6
Nxa6 9. O-O c5 10. a3 Nc7 11. Re1 Nf8 12. Nf1 Ng6 13. Ng3 h5 14. h3 h4 15. Nf1
c4 16. a4 a6 17. N3h2 b5 18. Qg4 Qd7 19. axb5 axb5 20. Rxa8+ Nxa8 21. f4 Nc7
22. Ne3 b4 23. f5 exf5 24. Nxf5 Ne6 25. Nf3 Qa4 26. Bg5 Bf8 27. Bxh4 Qa2 28.
Ng5 Nxh4 29. Nxe6 fxe6 30. Nxh4 Rxh4 31. Qxe6+ Be7 32. Qc8+ Bd8 33. e6 1-0

[Event "Frunze"]
[Site "Frunze"]
[Date "1983.??.??"]
[Round "?"]
[White "Dolmatov, Sergey"]
[Black "Tseshkovsky, Vitaly"]
[Result "1-0"]
[WhiteElo "2550"]
[BlackElo "2560"]
[PlyCount "85"]
[EventDate "1983.05.??"]
[EventType "tourn"]
[EventRounds "15"]
[EventCountry "URS"]
[EventCategory "8"]
[SourceTitle "MCD"]
[Source "ChessBase"]
[SourceDate "1999.07.01"]
[SourceVersion "1"]
[SourceVersionDate "1999.07.01"]
[SourceQuality "1"]

1. e4 c5 2. Nf3 d6 3. d4 cxd4 4. Nxd4 Nf6 5. Nc3 g6 6. Be3 Bg7 7. f3 O-O 8. Qd2
Nc6 9. g4 e6 10. O-O-O d5 11. g5 Nh5 12. h4 Ng3 13. Rg1 Nxf1 14. Rgxf1 Ne5 15.
b3 Qa5 16. Kb1 Rd8 17. exd5 exd5 18. f4 Nc6 19. Nxc6 bxc6 20. Bd4 Bxd4 21. Qxd4
Bf5 22. h5 gxh5 23. Rde1 c5 24. Qf6 d4 25. Na4 Rd5 26. Re5 Rxe5 27. Qxe5 Qa6
28. Re1 Qg6 29. Nxc5 Bxc2+ 30. Kb2 Bf5 31. Qd5 Rc8 32. Re5 Bg4 33. Ne4 Qb6 34.
Nf6+ Kg7 35. Qe4 Rh8 36. Re8 Rxe8 37. Qxh7+ Kf8 38. Qh6+ Ke7 39. Nd5+ Kd7 40.
Nxb6+ axb6 41. Qxb6 Re2+ 42. Ka3 d3 43. Qd4+ 1-0

[Event "Frunze"]
[Site "Frunze"]
[Date "1983.??.??"]
[Round "?"]
[White "Dolmatov, Sergey"]
[Black "Zilberman, Nathan"]
[Result "1/2-1/2"]
[WhiteElo "2550"]
[BlackElo "2400"]
[PlyCount "31"]
[EventDate "1983.05.??"]
[EventType "tourn"]
[EventRounds "15"]
[EventCountry "URS"]
[EventCategory "8"]
[SourceTitle "MCD"]
[Source "ChessBase"]
[SourceDate "1999.07.01"]
[SourceVersion "1"]
[SourceVersionDate "1999.07.01"]
[SourceQuality "1"]

1. e4 e6 2. d4 d5 3. Nc3 Bb4 4. Bd3 dxe4 5. Bxe4 Nf6 6. Bd3 c5 7. dxc5 Nbd7 8.
Bd2 Nxc5 9. Bc4 O-O 10. Nf3 Nce4 11. Nxe4 Nxe4 12. Bxb4 Qb6 13. O-O Qxb4 14.
Qd4 Nd6 15. Bb3 Qxd4 16. Nxd4 1/2-1/2

[Event "Frunze"]
[Site "Frunze"]
[Date "1983.??.??"]
[Round "?"]
[White "Mokry, Karel"]
[Black "Dolmatov, Sergey"]
[Result "1/2-1/2"]
[WhiteElo "2435"]
[BlackElo "2550"]
[PlyCount "80"]
[EventDate "1983.05.??"]
[EventType "tourn"]
[EventRounds "15"]
[EventCountry "URS"]
[EventCategory "8"]
[SourceTitle "MCD"]
[Source "ChessBase"]
[SourceDate "1999.07.01"]
[SourceVersion "1"]
[SourceVersionDate "1999.07.01"]
[SourceQuality "1"]

1. e4 e6 2. d4 d5 3. Nc3 Bb4 4. Nge2 dxe4 5. a3 Be7 6. Nxe4 Nf6 7. Qd3 O-O 8.
Bf4 Nd5 9. O-O-O f5 10. N4c3 Nxf4 11. Nxf4 Bg5 12. Qe3 Qd6 13. g3 Nd7 14. Bc4
Nb6 15. Bb3 Bd7 16. Kb1 Rae8 17. Rhe1 Bxf4 18. gxf4 Nd5 19. Bxd5 exd5 20. Qf3
Re4 21. Nxe4 fxe4 22. Qb3 Rxf4 23. Qxb7 h5 24. Qxa7 Rxf2 25. Re3 Kh7 26. Rc3 c6
27. a4 Bg4 28. Re1 Qh6 29. Rce3 Bd1 30. a5 Bxc2+ 31. Ka1 Bd3 32. Rg1 Qf6 33.
Reg3 Rf1+ 34. Rxf1 Qxf1+ 35. Ka2 Bc4+ 36. b3 Qf2+ 37. Ka3 Qf8+ 38. Kb2 Qf2+ 39.
Ka3 Qf8+ 40. Kb2 Qf2+ 1/2-1/2

[Event "Frunze"]
[Site "Frunze"]
[Date "1983.??.??"]
[Round "?"]
[White "Schneider, Attila"]
[Black "Dolmatov, Sergey"]
[Result "1/2-1/2"]
[WhiteElo "2385"]
[BlackElo "2550"]
[PlyCount "76"]
[EventDate "1983.05.??"]
[EventType "tourn"]
[EventRounds "15"]
[EventCountry "URS"]
[EventCategory "8"]
[SourceTitle "MCD"]
[Source "ChessBase"]
[SourceDate "1999.07.01"]
[SourceVersion "1"]
[SourceVersionDate "1999.07.01"]
[SourceQuality "1"]

1. Nf3 Nf6 2. c4 e6 3. g3 c5 4. Bg2 Be7 5. O-O O-O 6. d4 cxd4 7. Nxd4 a6 8. b3
d6 9. Nc3 Nbd7 10. Bb2 Qc7 11. Rc1 Re8 12. e3 Nf8 13. Qe2 Bd7 14. f4 Rab8 15.
g4 e5 16. Nf5 Bxf5 17. gxf5 N8d7 18. fxe5 Nxe5 19. Kh1 Qa5 20. a3 b5 21. b4 Qb6
22. cxb5 axb5 23. Nd5 Nxd5 24. Bxd5 Bf6 25. Rg1 Qd8 26. Qh5 Kh8 27. Rg3 g6 28.
fxg6 fxg6 29. Qh6 Bg7 30. Qh3 Nd3 31. Rf1 Qe7 32. Bxg7+ Kxg7 33. Rgf3 Rf8 34.
Rxf8 Rxf8 35. Rxf8 Qxf8 36. Qd7+ Kh6 37. Qh3+ Kg7 38. Qd7+ Kh6 1/2-1/2

[Event "Frunze"]
[Site "Frunze"]
[Date "1983.??.??"]
[Round "?"]
[White "Vasiukov, Evgeni"]
[Black "Dolmatov, Sergey"]
[Result "1/2-1/2"]
[WhiteElo "2480"]
[BlackElo "2550"]
[PlyCount "70"]
[EventDate "1983.05.??"]
[EventType "tourn"]
[EventRounds "15"]
[EventCountry "URS"]
[EventCategory "8"]
[SourceTitle "MCD"]
[Source "ChessBase"]
[SourceDate "1999.07.01"]
[SourceVersion "1"]
[SourceVersionDate "1999.07.01"]
[SourceQuality "1"]

1. c4 c5 2. Nc3 e6 3. e3 Nf6 4. Nf3 d5 5. d4 cxd4 6. exd4 Be7 7. cxd5 Nxd5 8.
Bd3 O-O 9. O-O Nc6 10. Re1 Nf6 11. a3 b6 12. Bf4 Bb7 13. Rc1 Rc8 14. h3 a6 15.
Bb1 b5 16. Qd3 g6 17. b4 a5 18. Qxb5 Ba8 19. d5 exd5 20. Na4 Bd6 21. Bxd6 Qxd6
22. Nb6 Rb8 23. bxa5 Nxa5 24. Qxa5 Rxb6 25. Nd4 Rfb8 26. Bd3 Ne4 27. Rb1 Qf6
28. Bxe4 dxe4 29. Rxb6 Qxb6 30. Qxb6 Rxb6 31. Rc1 Bb7 32. Rc4 Rb1+ 33. Kh2 Ra1
34. Rb4 Ba6 35. Nb3 Rxa3 1/2-1/2

[Event "URS Spartakiad 9th"]
[Site "Moscow"]
[Date "1983.??.??"]
[Round "2"]
[White "Lukin, Andrey"]
[Black "Dolmatov, Sergey"]
[Result "1-0"]
[WhiteElo "2485"]
[BlackElo "2550"]
[PlyCount "81"]
[EventDate "1983.07.15"]
[EventType "team-tourn"]
[EventRounds "9"]
[EventCountry "URS"]
[SourceTitle "EXT 2002"]
[Source "ChessBase"]
[SourceDate "2001.11.25"]
[SourceVersion "1"]
[SourceVersionDate "2001.11.25"]
[SourceQuality "1"]

1. e4 e6 2. d4 d5 3. Nc3 Bb4 4. Bd3 Ne7 5. Nge2 c5 6. dxc5 Nd7 7. O-O dxe4 8.
Nxe4 O-O 9. N2g3 Ng6 10. c3 Nxc5 11. Bc2 Nxe4 12. Nxe4 Be7 13. Qh5 Bd7 14. Rd1
Qc7 15. Ng5 Bxg5 16. Qxg5 Bc6 17. Be3 f6 18. Qg3 Qxg3 19. hxg3 Kf7 20. Bb3 Rfe8
21. Rd6 a6 22. Re1 Nf8 23. Bb6 h5 24. f3 Re7 25. Bc5 Ree8 26. Kf2 Rac8 27. Bb4
Rc7 28. Rd2 Ng6 29. Rh1 Rh8 30. Rd6 Re7 31. f4 f5 32. Bd1 h4 33. Re1 Ree8 34.
Bb3 hxg3+ 35. Kxg3 Nf8 36. Rd2 Rh6 37. Kf2 Nh7 38. Rd6 g5 39. fxg5 Nxg5 40. Kg1
Rg8 41. Kf1 1-0

[Event "URS Spartakiad 9th"]
[Site "Moscow"]
[Date "1983.??.??"]
[Round "6"]
[White "Dolmatov, Sergey"]
[Black "Vitolinsh, Alvis"]
[Result "1/2-1/2"]
[WhiteElo "2550"]
[BlackElo "2365"]
[PlyCount "105"]
[EventDate "1983.07.15"]
[EventType "team-tourn"]
[EventRounds "9"]
[EventCountry "URS"]
[SourceTitle "EXT 2002"]
[Source "ChessBase"]
[SourceDate "2001.11.25"]
[SourceVersion "1"]
[SourceVersionDate "2001.11.25"]
[SourceQuality "1"]

1. d4 Nf6 2. Nf3 g6 3. c4 Bg7 4. Nc3 O-O 5. e4 c5 6. Be2 cxd4 7. Nxd4 e6 8. Nc2
Nc6 9. O-O b6 10. Bf4 Bb7 11. Qd2 d5 12. cxd5 exd5 13. exd5 Ne7 14. d6 Ned5 15.
Nxd5 Nxd5 16. Bg3 Nf6 17. Bf3 Bxf3 18. gxf3 Nh5 19. Nb4 f5 20. Be5 Qh4 21. Qd5+
Kh8 22. Nc6 Rae8 23. Bxg7+ Kxg7 24. Ne7 Nf4 25. Qd4+ Kh6 26. Kh1 Qg5 27. Rg1
Ne2 28. Qe5 Nxg1 29. Rxg1 Qf6 30. Qf4+ Kg7 31. b4 Rd8 32. Rd1 Rd7 33. Rd4 Rfd8
34. Nc6 Re8 35. Ne7 Kf7 36. Rd2 g5 37. Qxf5 Qxf5 38. Nxf5 Re6 39. Kg2 Kf6 40.
Ng3 Ke5 41. Ne4 g4 42. Kg3 h5 43. h3 Rg6 44. hxg4 hxg4 45. Re2 gxf3+ 46. Kxf3
Rf7+ 47. Ke3 Rg1 48. f3 Rf1 49. Ng5 Rg7 50. Rd2 Rd7 51. f4+ Rxf4 52. Nf3+ Rxf3+
53. Kxf3 1/2-1/2

[Event "URS-chB Army"]
[Site "Gomel"]
[Date "1983.08.??"]
[Round "?"]
[White "Klovans, Janis"]
[Black "Dolmatov, Sergey"]
[Result "0-1"]
[WhiteElo "2426"]
[BlackElo "2550"]
[PlyCount "116"]
[EventDate "1983.08.??"]
[EventType "swiss"]
[EventRounds "17"]
[EventCountry "URS"]
[SourceTitle "EXT 2006"]
[Source "ChessBase"]
[SourceDate "2005.11.24"]
[SourceVersion "1"]
[SourceVersionDate "2005.11.24"]
[SourceQuality "1"]

1. e4 e6 2. d4 d5 3. Nc3 Bb4 4. e5 c5 5. a3 Bxc3+ 6. bxc3 Ne7 7. Nf3 Bd7 8. h4
Nbc6 9. h5 h6 10. Rb1 Qc7 11. Bf4 O-O-O 12. Bd3 c4 13. Be2 f5 14. exf6 Qxf4 15.
fxe7 Rde8 16. Qd2 Qd6 17. O-O Rxe7 18. Qe3 Kb8 19. Ne5 Nxe5 20. dxe5 Qc7 21. f4
Be8 22. Qd4 g6 23. Bg4 gxh5 24. Bh3 Rf8 25. f5 exf5 26. Rbe1 Bd7 27. Qxd5 Rfe8
28. Bxf5 Bc6 29. Qxc4 Rxe5 30. Rxe5 Qxe5 31. Qd4 Qg3 32. Bh3 h4 33. Qf4+ Ka8
34. Qxh6 Qxc3 35. Qxh4 Qxa3 36. Qd4 Qe7 37. Ra1 a6 38. Qb6 Qe2 39. Qf2 Qc4 40.
Rd1 Rg8 41. Rd4 Qc3 42. Rf4 a5 43. Rd4 a4 44. Rd3 Qa5 45. Qd2 Qxd2 46. Rxd2 Ka7
47. Kf2 Kb6 48. Ke3 Kc5 49. Rd3 Ra8 50. Rd1 a3 51. Ra1 Bd5 52. Kd2 b5 53. c3
Bb3 54. Bg4 Rd8+ 55. Kc1 b4 56. Be2 Bf7 57. Bg4 a2 58. cxb4+ Kxb4 0-1

[Event "WchT U26"]
[Site "Chicago"]
[Date "1983.??.??"]
[Round "?"]
[White "Arnason, Jon L"]
[Black "Dolmatov, Sergey"]
[Result "1/2-1/2"]
[WhiteElo "2460"]
[BlackElo "2550"]
[PlyCount "57"]
[EventDate "1983.08.??"]
[EventType "team"]
[EventRounds "11"]
[EventCountry "USA"]
[SourceTitle "EXT 2002"]
[Source "ChessBase"]
[SourceDate "2001.11.25"]
[SourceVersion "1"]
[SourceVersionDate "2001.11.25"]
[SourceQuality "1"]

1. e4 e6 2. d4 d5 3. Nc3 Bb4 4. e5 c5 5. a3 Bxc3+ 6. bxc3 Ne7 7. Nf3 Bd7 8. Bd3
c4 9. Bf1 Qa5 10. Bd2 Nbc6 11. g3 f5 12. exf6 gxf6 13. Nh4 O-O-O 14. Bh3 Ng6
15. Qh5 Qa4 16. Ra2 Nce7 17. O-O e5 18. Nf5 Nxf5 19. Bxf5 Bxf5 20. Qxf5+ Qd7
21. Qxf6 Rdf8 22. Qg5 Rhg8 23. Qh6 Qg4 24. Rb2 Rf7 25. f3 Rxf3 26. Rxf3 Qxf3
27. Qh3+ Kb8 28. Rxb7+ Kxb7 29. Qd7+ 1/2-1/2

[Event "WchT U26"]
[Site "Chicago"]
[Date "1983.??.??"]
[Round "?"]
[White "Dolmatov, Sergey"]
[Black "Lobron, Eric"]
[Result "1/2-1/2"]
[WhiteElo "2550"]
[BlackElo "2515"]
[PlyCount "91"]
[EventDate "1983.08.??"]
[EventType "team"]
[EventRounds "11"]
[EventCountry "USA"]
[SourceTitle "EXT 2010"]
[Source "ChessBase"]
[SourceDate "2009.11.30"]
[SourceVersion "1"]
[SourceVersionDate "2009.11.30"]
[SourceQuality "1"]

1. e4 c5 2. Nf3 e6 3. d4 cxd4 4. Nxd4 a6 5. Bd3 g6 6. O-O Bg7 7. Nf3 Nc6 8. Nc3
Nge7 9. Bf4 d5 10. e5 h6 11. h3 g5 12. Bh2 Nb4 13. Qd2 Nxd3 14. cxd3 Bd7 15.
Ne2 Ng6 16. Rfc1 O-O 17. d4 Bc6 18. Rc3 Qe7 19. Ng3 Nf4 20. Nf1 Ng6 21. Ng3 Nf4
22. Ne2 Ng6 23. Nc1 Rfc8 24. Nd3 Bd7 25. Nc5 b6 26. Nxd7 Qxd7 27. Rac1 Ne7 28.
g4 Rxc3 29. Rxc3 Rc8 30. h4 Rxc3 31. Qxc3 gxh4 32. Nxh4 Qa4 33. Kg2 Qxa2 34.
Qc7 Bf8 35. Qxb6 Qb1 36. f3 Qc2+ 37. Kg3 Nc6 38. Bg1 Qc1 39. Bf2 Nb4 40. Ng2
Qxb2 41. Be3 Qa3 42. Qd8 Nc2 43. Bxh6 Nxd4 44. Qg5+ Kh7 45. Bxf8 Qxf8 46. Nf4
1/2-1/2

[Event "WchT U26"]
[Site "Chicago"]
[Date "1983.??.??"]
[Round "?"]
[White "Roos, Daniel"]
[Black "Dolmatov, Sergey"]
[Result "0-1"]
[WhiteElo "2415"]
[BlackElo "2550"]
[PlyCount "58"]
[EventDate "1983.08.??"]
[EventType "team"]
[EventRounds "11"]
[EventCountry "USA"]
[SourceTitle "EXT 2002"]
[Source "ChessBase"]
[SourceDate "2001.11.25"]
[SourceVersion "1"]
[SourceVersionDate "2001.11.25"]
[SourceQuality "1"]

1. e4 e6 2. d4 d5 3. Nc3 Bb4 4. exd5 exd5 5. Nge2 Nf6 6. a3 Be7 7. Nf4 O-O 8.
Bd3 Bg4 9. f3 Bh5 10. Ncxd5 Nxd5 11. Nxh5 Bg5 12. O-O Ne3 13. Bxe3 Bxe3+ 14.
Kh1 g6 15. c3 c5 16. d5 c4 17. Bxc4 gxh5 18. f4 Nd7 19. Qxh5 Nf6 20. Qf5 Kh8
21. Rf3 Bc5 22. g4 Rg8 23. g5 Nd7 24. Qxf7 Rg7 25. Qf5 Qc7 26. Re1 Rf8 27. Qg4
Bd6 28. Bd3 Bxf4 29. Ref1 Ne5 0-1

[Event "URS-ch sf"]
[Site "Volgodonsk"]
[Date "1983.??.??"]
[Round "?"]
[White "Dolmatov, Sergey"]
[Black "Loginov, Valery"]
[Result "1/2-1/2"]
[WhiteElo "2550"]
[BlackElo "2395"]
[PlyCount "87"]
[EventDate "1983.09.??"]
[EventType "tourn"]
[EventRounds "17"]
[EventCountry "URS"]
[EventCategory "6"]
[SourceTitle "MCD"]
[Source "ChessBase"]
[SourceDate "1999.07.01"]
[SourceVersion "1"]
[SourceVersionDate "1999.07.01"]
[SourceQuality "1"]

1. e4 c5 2. Nf3 d6 3. d4 cxd4 4. Nxd4 Nf6 5. Nc3 a6 6. f4 e6 7. Be2 Be7 8. a4
Nc6 9. Be3 Qc7 10. O-O O-O 11. Qe1 Nxd4 12. Bxd4 e5 13. Be3 exf4 14. Bxf4 Be6
15. Qg3 Nd7 16. Bh6 Qc5+ 17. Kh1 Qe5 18. Bf4 Qc5 19. Bh6 Qe5 20. Bf4 Qc5 21.
Nd5 Bxd5 22. exd5 Rfe8 23. c4 Bh4 24. Qxh4 Rxe2 25. b3 Rae8 26. Qg3 Ne5 27.
Rae1 Rxe1 28. Rxe1 f6 29. Qc3 b5 30. Be3 Qc8 31. c5 dxc5 32. Bxc5 bxa4 33. bxa4
Nd7 34. Rxe8+ Qxe8 35. Bg1 Ne5 36. Qb3 Qd7 37. h3 Kf7 38. Bd4 h6 39. Bxe5 fxe5
40. d6+ Kf6 41. Qd5 a5 42. Kg1 Qa7+ 43. Kf1 Qd4 44. Qc6 1/2-1/2